| 000 | 00574nam a22001817a 4500 | ||
|---|---|---|---|
| 005 | 20251108172816.0 | ||
| 008 | 250721s2004 xx 000 0 ara d | ||
| 082 | 1 | 4 | _a213/حمش |
| 100 | 1 | _aالحمش، عداب محمود | |
| 245 | 1 | 0 | _aمحاضرات في تخريج الحديث ونقده : تأصيل وتطبيق / |
| 250 | _aط 2 | ||
| 264 | 1 |
_aعمان : _bدار الفرقان للنشر والتوزيع، _c2004. |
|
| 300 | _a383 ص | ||
| 650 | 1 | 7 | _aالحديث الشريف |
| 650 | 1 | 7 | _aتدوين الحديث |
| 942 |
_2ddc _cBK |
||
| 999 |
_c88996 _d88996 |
||